000 00609nam a2200181 i 4500
001 64226
003 ES-MaACL
005 20230906165056.0
007 t|
008 031222s1962 sp ||||1| spa d
100 1 _aFlorensa, Alfredo.
_951245
245 1 0 _aNociones de terapéutica y dietética
_b: obra adaptada al programa de ayudante técnico sanitario : (segundo curso) /
_cA. Florensa Casasús.
260 _aMadrid :
_b[s.n.,
_c1962] (
_fNuevas Gráficas)
300 _aVIII, 459 p. :
_bil. ;
_c24 cm.
650 0 0 _aTerapéutica.
_917479
650 0 0 _aDietética.
_911884
852 _aES-MaACL
_jC-22438
999 _c64226
_d64226